Dynamic organic chemistry : Student CD to accompany organic chemistry, 4/e
Zapisane w:
| 1. autor: | |
|---|---|
| Format: | Książka |
| Język: | Undetermined |
| Wydane: |
Purdue University
2002
|
| Hasła przedmiotowe: | |
| Etykiety: |
Dodaj etykietę
Nie ma etykietki, Dołącz pierwszą etykiete!
|
| Thư viện lưu trữ: | Trung tâm Học liệu Trường Đại học Cần Thơ |
|---|
| LEADER | 00522nam a2200181Ia 4500 | ||
|---|---|---|---|
| 001 | CTU_118152 | ||
| 008 | 210402s9999 xx 000 0 und d | ||
| 082 | |a 547 | ||
| 082 | |b L886 | ||
| 100 | |a Loudon, G. Marc | ||
| 245 | 0 | |a Dynamic organic chemistry : | |
| 245 | 0 | |b Student CD to accompany organic chemistry, 4/e | |
| 245 | 0 | |c G. Marc Loudon, David Allen | |
| 260 | |b Purdue University | ||
| 260 | |c 2002 | ||
| 650 | |a Chemistry, organic | ||
| 904 | |i M.Loan | ||
| 980 | |a Trung tâm Học liệu Trường Đại học Cần Thơ | ||